Κατάλογος Βιβλιοθηκών Mediterranean College

ΓΛΩΣΣΙΚΗ ΑΝΑΠΤΥΞΗ ΚΑΙ ΔΙΑΤΑΡΑΧΕΣ (Record no. 7404)

MARC details
000 -LEADER
fixed length control field 01202cam a22002174a 4500
005 - ΗΜΕΡΟΜΗΝΙΑ ΚΑΙ ΩΡΑ ΤΕΛΕΥΤΑΙΑΣ ΕΝΗΜΕΡΩΣΗΣ
Πεδίο ελέγχου 20250605163606.0
008 - FIXED-LENGTH DATA ELEMENTS--GENERAL INFORMATION
Πεδίο ελέγχου σταθερού μήκους 250528s ||||||||||||||||||||||||d
035 ## - SYSTEM CONTROL NUMBER
System control number 22351
020 ## - ISBN
ISBN 9789606760662
040 ## - ΠΗΓΗ ΚΑΤΑΛΟΓΟΓΡΑΦΗΣΗΣ
Φορέας πρωτότυπης καταλογογράφησης MC Athens Campus Library
Γλώσσα καταλογογράφησης Ελληνικά, Μοντέρνα (1453-)
Modifying agency MC Athens Campus Library
Κανόνες περιγραφικής καταλογογράφησης AACR2
245 1# - ΤΙΤΛΟΣ ΚΑΙ ΔΗΛΩΣΗ ΥΠΕΥΘΥΝΟΤΗΤΑΣ
Τίτλος ΓΛΩΣΣΙΚΗ ΑΝΑΠΤΥΞΗ ΚΑΙ ΔΙΑΤΑΡΑΧΕΣ
250 ## - EDITION STATEMENT
Edition statement 1
260 ## - PUBLICATION, DISTRIBUTION, ETC.
Name of publisher, distributor, etc. Τοπος,
Date of publication, distribution, etc. 2008
300 ## - PHYSICAL DESCRIPTION
Extent 421
505 0# - FORMATTED CONTENTS NOTE
Formatted contents note ΓΛΩΣΣΙΚΗ ΑΝΑΠΤΥΞΗ ΑΝΑΠΤΥΞΗ ΚΑΙ ΟΡΓΑΝΩΣΗ ΤΟΥ ΝΕΥΡΩΝΙΚΟΥ ΜΗΧΑΝΙΣΜΟΥ ΓΙΑ ΤΗΝ ΑΚΟΗ, ΤΗΝ ΟΡΑΣΗ ΚΑΙ ΤΙΣ ΒΑΣΙΚΕΣ ΛΕΙΤΟΥΡΓΙΕΣ Η ΑΝΑΠΤΥΞΗ ΤΗΣ ΑΝΤΙΛΗΨΗΣ ΤΗΣ ΟΜΙΛΙΑΣ ΒΑΡΗΚΟΪΑ-ΚΟΦΩΣΗ ΟΜΙΛΙΑ
520 ## - SUMMARY, ETC.
Summary, etc. ΓΛΩΣΣΙΚΗ ΑΝΑΠΤΥΞΗ ΑΝΑΠΤΥΞΗ ΚΑΙ ΟΡΓΑΝΩΣΗ ΤΟΥ ΝΕΥΡΩΝΙΚΟΥ ΜΗΧΑΝΙΣΜΟΥ ΓΙΑ ΤΗΝ ΑΚΟΗ, ΤΗΝ ΟΡΑΣΗ ΚΑΙ ΤΙΣ ΒΑΣΙΚΕΣ ΛΕΙΤΟΥΡΓΙΕΣ Η ΑΝΑΠΤΥΞΗ ΤΗΣ ΑΝΤΙΛΗΨΗΣ ΤΗΣ ΟΜΙΛΙΑΣ ΒΑΡΗΚΟΪΑ-ΚΟΦΩΣΗ ΟΜΙΛΙΑ
700 1# - ΠΡΟΣΘΕΤΗ ΑΝΑΓΡΑΦΗ--ΦΥΣΙΚΟ ΠΡΟΣΩΠΟ
Personal name Νικολοπουλος Δημητρης
942 ## - ADDED ENTRY ELEMENTS (KOHA)
Koha item type Books
Holdings
Τύπος τεκμηρίου Βιβλιοθήκη Τρέχουσα τοποθεσία Barcode Αριθμός εισαγωγής Ημερομηνία απόκτησης Ταξιθετικό σύμβολο Αριθμός αντιτύπου Κατάσταση απόσυρσης Κατάσταση χαμένου Κατάσταση κατεστραμμένου Μη δανεισμός Σύνολο δανεισμών Ημερομηνία τελευταίας εμφάνισης Η τιμή ισχύει από
Books MC Thessaloniki Campus Library MC Thessaloniki Campus Library 9780000074034 926 05/06/2025 616.855 ΝΙΚ 1           05/06/2025 05/06/2025

MC Athens Campus Library
Πατησίων 94 & Κοδριγκτώνος 13, 104 34
Πελλήνης 8 & Πατησίων 107, 112 51
Τ: +30 210 8899600

MC Thessaloniki Campus Library
Ίωνος Δραγούμη 21, 54625 | Ίωνος Δραγούμη 15, 54625
Τ: +30 2310 287779 – Τ: +30 2314 440300